Bedtime tales

Bibliographic Details
Format: Book

MARC

LEADER 00000cam a2200000 7i4500
001 0000008221
002 000008964
005 20000330.0
020 |a 0862881544 
090 0 0 |a JF   |b BOO 
245 1 0 |a Bedtime tales 
999 |a 022965   |b BUKU   |c PINJAMAN   |e PERPUSTAKAAN KOMUNITI PETALING JAYA